000 01584nam a2200241Ia 4500
999 _c53177
_d53177
001 20217
003 GE_BSU
005 20230628143736.0
008 181216s2006||||ge |||||||||||||| ||geo||
040 _cGE_BSU
041 _ageo
080 _a821.14'01-394 ა-88
245 _aასპარეზზე გამოდიან გმირები :
_bთავები 8-19 /
_cთხრობა და კომენტარები ნანა ტონიასი (თავები 8-19) და მანანა ღარიბაშვილისა (თავები 1-7) ; სერიის სარედ. კოლეგია : რისმაგ გორდეზიანი (მთ. რედ.), ლაშა ბერაია (მთ. რედარტორის მიადგილე), ვალერი ასათიანი, მანანა ფხაკაძე და სხვა.
264 _aთბილისი :
_bლოგოსი,
_c2006.
300 _a253 გვ. ;
_c17 სმ.
490 _aბერძნული მითების სამყარო
541 _h8ლ.30თ.
653 _aასპარეზზე გამოდიან გმირები
653 _aბერძნული მითები
653 _aქსეროქსი
710 _aბსუ
_bკლასიკური ფილოლოგის, ბიზანტინისტიკისა და ნეოგრეცისტიკის ინსტიტუტი
_919032
942 _cBK
_2udc